Wordt geladen...
Elements of Ceramics
| Hoofdauteur: | |
|---|---|
| Formaat: | Printed Book |
| Gepubliceerd in: |
Massachusetts
Addison-Wesley
c1974
|
| Editie: | 2nd |
| Onderwerpen: |
| LEADER | 00479nam a22001577a 4500 | ||
|---|---|---|---|
| 020 | |a 0201053063 | ||
| 082 | |a 666 |b NOR | ||
| 100 | |a Northun,F.H | ||
| 245 | |a Elements of Ceramics | ||
| 250 | |a 2nd | ||
| 260 | |a Massachusetts |b Addison-Wesley |c c1974 | ||
| 300 | |a viii,311 | ||
| 650 | |a Ceramics | ||
| 942 | |c BK | ||
| 999 | |c 128105 |d 128101 | ||
| 952 | |0 0 |1 0 |4 0 |6 666_000000000000000_NOR |7 0 |8 NFIC |9 126453 |a SPAP |b SPAP |c GEN |d 2017-08-10 |e Narrosa |g 312.83 |l 0 |o 666 NOR |p SPAP 402 |r 2017-08-10 |w 2017-08-10 |y BK | ||